Generals of The Salvation Army - Statistics

General Stats
  • This quiz has been taken 28 times
  • The average score is 7 of 22
Answer Stats
Hint Answer % Correct
(1912-1929) Booth (Bramwell)
67%
(1934-1939) Booth (Evangeline)
67%
(1865-1912) Booth (William)
67%
(2006-2011) Clifton
67%
(2011-2013) Bond
33%
(1977-1981) Brown
33%
(2023-present) Buckingham
33%
(1986-1993) Burrows
33%
(1939-1946) Carpenter
33%
(1963-1969) Coutts
33%
(2013-2018) Cox
33%
(1999-2002) Gowans
33%
(1929-1934) Higgins
33%
(1954-1963) Kitching
33%
(2002-2006) Larsson
33%
(1946-1954) Orsborn
33%
(2018-2023) Peddle
33%
(1993-1994) Tillsley
33%
(1994-1999) Rader
0%
(1981-1986) Wahlström
0%
(1969-1974) Wickberg
0%
(1974-1977) Wiseman
0%
No matching quizzes found
Score Distribution
Percent of People with Each Score
Percentile by Number Answered
Your Score History
You have not taken this quiz